000 00264nam a2200109Ia 4500
008 190216s9999||||xx |||||||||||||| ||und||
100 _aBalshakov
245 0 _aWashington Crusaders On The March
260 _bNovesti Press Agency
650 _aEnglish
942 _cBK
999 _c13247
_d13247